000 00307nam a2200121Ia 4500
008 190216s9999||||xx |||||||||||||| ||und||
100 _aCharity And Hajj Duties Of The Community
245 4 _aThe Book Of Islam
260 _b"Kitab Bhavan, New Delhi-2"
_c1977
300 _a63p
650 _aArabic
942 _cBK
999 _c234
_d234